01880nam a2200397 a 4500001001200000003000800012006001900020007001500039008004100054010001700095020002800112020003500140040002100175035002000196050002400216082001900240100002400259245013400283246008600417260006300503300002500566504006600591533015200657650005300809650005300862650005100915650005100966650009301017650009301110650004301203651004901246655002901295710001701324856012601341999001501467ebr10026315CaPaEBRm u cr cn|||||||||010716s2002 ncua sb s001 0 eng  z 2001049161 z080782660X (alk. paper) z0807849863 (pbk. : alk. paper) aCaPaEBRcCaPaEBR a(OCoLC)7075116814aE184.C3bM65 2002eb04a305.6/20732211 aMoloney, Deirdre M.10aAmerican Catholic lay groups and transatlantic social reform in the progressive erah[electronic resource] /cDeirdre M. Moloney.18aAmerican Catholic lay groups & transatlantic social reform in the progressive era aChapel Hill :bUniversity of North Carolina Press,cc2002. axiii, 267 p. :bill. aIncludes bibliographical references (p. [243]-257) and index. aElectronic reproduction.bPalo Alto, Calif. :cebrary,d2013.nAvailable via World Wide Web.nAccess may be limited to ebrary affiliated libraries. 0aCatholicszUnited StatesxHistoryy19th century. 0aCatholicszUnited StatesxHistoryy20th century. 0aLaityxCatholic ChurchxHistoryy19th century. 0aLaityxCatholic ChurchxHistoryy20th century. 0aChristian sociologyxCatholic ChurchzUnited StatesxHistory of doctrinesy19th century. 0aChristian sociologyxCatholic ChurchzUnited StatesxHistory of doctrinesy20th century. 0aProgressivism (United States politics) 0aUnited StatesxSocial conditionsy1865-1918. 7aElectronic books.2local2 aebrary, Inc.40uhttp://site.ebrary.com/lib/rucke/Doc?id=10026315zAn electronic book accessible through the World Wide Web; click to view c8243d8243